000 00318nam a22001337a 4500
008 170714b xxu||||| |||| 00| 0 eng d
020 _a9780760768372
041 _aeng
080 _a17
100 _a24
101 _aFIL
245 _aETHICS AND ON THE IMPROVEMENT OF THE UNDERSTANDING
_cRAVVEN, D
942 _2udc
_cBK
999 _c20695
_d20695